00355nam a22000977a 4500999001900000082001500019100004900034245008000083260008500163300000900248 c507115d507115 aT13x5451 I aDirectorate of Economics and Statistics9720 aIndex of Industerial Productioncby Directorate of Economics and Statistics aGoverment of Andhra Pradesh, HyderabadbGovt. of Andhra Pradesh, Hyderabadc2010 a55p.